| 000 | 00551nmm a2200193Ia 4500 | ||
|---|---|---|---|
| 008 | 251105s9999||||xx |||||||||||||||||und|| | ||
| 020 | _a9788416208067 | ||
| 041 | _aspa | ||
| 100 | _aOlov Enquist, Per | ||
| 245 | 0 | _aEl misterio de la tercera cueva | |
| 264 |
_a[Madrid, España] : _bSiruela, _c2014 |
||
| 300 | _a152 páginas | ||
| 490 | _aLas tres edades | ||
| 650 | _aAges 9-12 Years Old | ||
| 700 | _aOlov Enquist, Per | ||
| 700 | 1 | _a Jiménez Pozuelo, Francisca | |
| 856 | _uhttps://public.digitaliapublishing.com/a/31672 | ||
| 942 | _cCF | ||
| 999 |
_c69505 _d69505 |
||